000 00804nam a2200277Ia 4500
001 Para_4306
003 CHAP
008 220125s1931 xx 000 0 und d
010 _a202833
040 _cCHAP
090 _aPA FOLLETO 1591
100 _aSimmons, Perez
_9106177
245 _aFig insects in California /
_c Perez Simmons, W. D. Reed, and E. A. M'Gregor
260 _aWashington :
_b Department of Agriculture
300 _a72 p.
440 _aEUA. Department of Agriculture Circular; 157
_9168261
650 _aHigo
_x Plagas
_955347
700 _aReed, W. D. M'Gregor, E. A.
_9168262
901 _aPA FOLLETO 1591
902 _aA
905 _a0000001931 WASa 0000000000 00
910 _a1931
942 _cPARA
942 _cPARA
_d1
999 _c202833
_d202833